2024年北京地铁 - 全线路和站点 (含地图) - Statistics

General Stats
  • This quiz has been taken 728 times
    618 since last reset
  • The average score is 200 of 446
Answers on the Map
Answers color-coded by a green-red scale on the quiz's map according to % correct below.
 
Answer Stats
class Answer % Correct
1号线 天安门东
85%
1号线 天安门西
84%
2号线 西直门
81%
大兴机场线 大兴机场
81%
1号线 西单
79%
2号线 东直门
79%
1号线 东单
77%
2号线 北京站
77%
6号线 苹果园
77%
4号线 北京南站
76%
昌平线 昌平
76%
线路 1号线
75%
线路 首都机场线
74%
1号线 军事博物馆
74%
5号线 东四
74%
7号线 北京西站
74%
线路 2号线
74%
1号线 王府井
73%
1号线 公主坟
73%
线路 10号线
73%
线路 4号线
73%
线路 5号线
73%
1号线 国贸
72%
1号线 建国门
72%
八通线 环球度假区
72%
2号线 前门
72%
线路 13号线
72%
线路 3号线
72%
线路 6号线
72%
线路 8号线
72%
2号线 积水潭
71%
4号线 国家图书馆
71%
4号线 海淀黄庄
71%
5号线 天通苑
71%
线路 12号线
71%
线路 14号线
71%
线路 7号线
71%
线路 9号线
71%
1号线 复兴门
70%
2号线 东四十条
70%
4号线 人民大学
70%
线路 11号线
70%
线路 15号线
70%
线路 16号线
70%
燕房线 房山城关
69%
线路 17号线
69%
4号线 北京大学东门
68%
5号线 天通苑北
68%
10号线 草桥
68%
线路 19号线
68%
1号线 四惠
67%
2号线 宣武门
67%
4号线 圆明园
67%
10号线 三元桥
67%
线路 八通线
66%
线路 昌平线
66%
线路 大兴机场线
66%
1号线 四惠东
66%
1号线 古城
66%
4号线 西四
66%
17号线 工人体育场
66%
线路 大兴线
65%
1号线 八角游乐园
65%
2号线 崇文门
65%
6号线 南锣鼓巷
65%
10号线 丰台站
65%
线路 房山线
64%
2号线 朝阳门
64%
4号线 菜市口
64%
4号线 安河桥北
64%
5号线 天通苑南
64%
15号线 望京
64%
线路 亦庄线
63%
1号线 南礼士路
63%
2号线 雍和宫
63%
2号线 鼓楼大街
63%
4号线 平安里
63%
8号线 奥林匹克公园
63%
10号线 金台夕照
63%
10号线 巴沟
63%
大兴机场线 大兴新城
63%
4号线 灵境胡同
62%
4号线 动物园
62%
大兴线 生物医药基地
62%
1号线 木樨地
61%
2号线 和平门
61%
4号线 中关村
61%
13号线 五道口
61%
线路 S1线
61%
线路 燕房线
60%
线路 西郊线
60%
1号线 五棵松
60%
2号线 车公庄
60%
13号线 清河站
60%
1号线 八宝山
59%
2号线 阜成门
59%
10号线 苏州街
59%
13号线 望京西
59%
15号线 清华东路西口
59%
1号线 大望路
58%
3号线 朝阳站
58%
5号线 天坛东门
58%
5号线 北新桥
58%
5号线 惠新西街南口
58%
8号线 北土城
58%
10号线 西土城
58%
11号线 新首钢
58%
13号线 西二旗
58%
西郊线 香山
58%
5号线 宋家庄
57%
6号线 金安桥
57%
3号线 东坝
56%
6号线 潞城
56%
8号线 回龙观东大街
56%
10号线 大红门
56%
10号线 知春路
56%
13号线 回龙观
56%
14号线 丽泽商务区
56%
八通线 传媒大学
55%
2号线 长椿街
55%
4号线 西苑
55%
大兴线 天宫院
55%
6号线 北海北
55%
8号线 中国美术馆
55%
首都机场线 2号航站楼
55%
首都机场线 3号航站楼
55%
3号线 东坝北
54%
大兴线 新宫
54%
5号线 惠新西街北口
54%
10号线 知春里
54%
12号线 大钟寺
54%
13号线 上地
54%
八通线 花庄
53%
4号线 新街口
53%
4号线 北宫门
53%
8号线 金鱼胡同
53%
10号线 十里河
53%
10号线 团结湖
53%
10号线 牡丹园
53%
昌平线 十三陵景区
53%
2号线 安定门
52%
4号线 角门西
52%
4号线 陶然亭
52%
4号线 魏公村
52%
7号线 双井
52%
7号线 珠市口
52%
8号线 奥体中心
52%
10号线 首经贸
52%
12号线 苏州桥
52%
亦庄线 亦庄火车站
52%
线路 亦庄T1线
52%
5号线 张自忠路
51%
6号线 呼家楼
51%
7号线 广安门内
51%
8号线 森林公园南门
51%
9号线 六里桥
51%
14号线 朝阳公园
51%
15号线 俸伯
51%
15号线 六道口
51%
19号线 牛街
51%
5号线 磁器口
50%
8号线 什刹海
50%
8号线 霍营
50%
10号线 潘家园
50%
11号线 模式口
50%
15号线 顺义
50%
15号线 望京东
50%
房山线 良乡大学城
50%
燕房线 燕山
50%
昌平线 昌平西山口
50%
西郊线 国家植物园
50%
1号线 永安里
49%
6号线 海淀五路居
49%
7号线 广渠门外
49%
8号线 朱辛庄
49%
10号线 劲松
49%
10号线 农业展览馆
49%
10号线 太阳宫
49%
5号线 灯市口
48%
5号线 立水桥
48%
7号线 广渠门内
48%
10号线 火器营
48%
10号线 安贞门
48%
12号线 蓟门桥
48%
14号线 望京南
48%
昌平线 生命科学园
48%
1号线 玉泉路
47%
大兴线 西红门
47%
5号线 蒲黄榆
47%
6号线 金台路
47%
6号线 白石桥南
47%
9号线 郭公庄
47%
10号线 角门东
47%
10号线 亮马桥
47%
16号线 宛平城
47%
17号线 天通苑东
47%
S1线 上岸
47%
昌平线 沙河
47%
1号线 万寿路
46%
4号线 公益西桥
46%
6号线 慈寿寺
46%
7号线 焦化厂
46%
8号线 瀛海
46%
10号线 西局
46%
10号线 芍药居
46%
13号线 北苑
46%
6号线 通州北关
45%
8号线 火箭万源
45%
10号线 健德门
45%
12号线 四季青桥
45%
14号线 景风门
45%
16号线 玉渊潭东门
45%
16号线 北安河
45%
17号线 次渠
45%
19号线 新发地
45%
大兴线 黄村火车站
44%
5号线 大屯路东
44%
6号线 东大桥
44%
6号线 车公庄西
44%
7号线 湾子
44%
13号线 龙泽
44%
14号线 善各庄
44%
14号线 张郭庄
44%
17号线 未来科学城
44%
八通线 土桥
43%
10号线 分钟寺
43%
12号线 北太平庄
43%
12号线 光熙门
43%
13号线 柳芳
43%
17号线 未来科学城北
43%
燕房线 阎村
43%
西郊线 颐和园西门
43%
八通线 高碑店
42%
3号线 东坝南
42%
4号线 马家堡
42%
5号线 和平里北街
42%
5号线 和平西桥
42%
6号线 青年路
42%
10号线 西钓鱼台
42%
10号线 泥洼
42%
14号线 东管头
42%
八通线 梨园
41%
八通线 管庄
41%
6号线 二里沟
41%
7号线 九龙山
41%
14号线 园博园
41%
19号线 太平桥
41%
房山线 阎村东
41%
6号线 北运河东
40%
9号线 白堆子
40%
10号线 长春桥
40%
14号线 永定门外
40%
房山线 良乡大学城北
40%
八通线 九棵树
39%
八通线 果园
39%
八通线 通州北苑
39%
大兴线 高米店南
39%
大兴线 高米店北
39%
5号线 立水桥南
39%
6号线 北运河西
39%
8号线 天桥
39%
8号线 安德里北街
39%
10号线 莲花桥
39%
17号线 嘉会湖
39%
昌平线 沙河高教园
39%
昌平线 昌平东关
39%
5号线 北苑路北
38%
6号线 物资学院路
38%
8号线 安华桥
38%
9号线 七里庄
38%
9号线 六里桥东
38%
10号线 车道沟
38%
10号线 成寿寺
38%
12号线 高家园
38%
16号线 东管头南
38%
S1线 石厂
38%
5号线 刘家窑
37%
6号线 通运门
37%
6号线 常营
37%
6号线 褡裢坡
37%
8号线 大红门南
37%
9号线 丰台科技园
37%
12号线 东坝西
37%
14号线 将台
37%
14号线 北工大西门
37%
16号线 马连洼
37%
房山线 良乡大学城西
37%
昌平线 南邵
37%
八通线 八里桥
36%
6号线 十里堡
36%
7号线 欢乐谷景区
36%
7号线 虎坊桥
36%
7号线 达官营
36%
8号线 林萃桥
36%
9号线 丰台南路
36%
11号线 北辛安
36%
15号线 国展
36%
15号线 北沙滩
36%
16号线 永丰
36%
昌平线 学院桥
36%
昌平线 清河小营桥
36%
6号线 草房
35%
16号线 万寿寺
35%
17号线 左家庄
35%
17号线 红军营
35%
八通线 临河里
34%
八通线 双桥
34%
10号线 纪家庙
34%
12号线 蓝靛厂
34%
15号线 南法信
34%
16号线 万泉河桥
34%
16号线 农大南路
34%
16号线 西北旺
34%
昌平线 北邵洼
34%
西郊线 万安
34%
大兴线 黄村西大街
33%
6号线 田村
33%
7号线 化工
33%
12号线 安贞桥
33%
12号线 西坝河
33%
14号线 东风北桥
33%
14号线 方庄
33%
亦庄线 次渠南
33%
亦庄线 荣昌东街
33%
亦庄线 小红门
33%
西郊线 茶棚
33%
大兴线 枣园
32%
6号线 东夏园
32%
6号线 花园桥
32%
7号线 桥湾
32%
9号线 丰台东大街
32%
12号线 马甸桥
32%
14号线 来广营
32%
14号线 陶然桥
32%
15号线 后沙峪
32%
15号线 关庄
32%
16号线 永丰南
32%
17号线 十八里店
32%
昌平线 朱房北
32%
昌平线 巩华城
32%
3号线 姚家园
31%
6号线 西黄村
31%
6号线 杨庄
31%
7号线 黑庄户
31%
7号线 百子湾
31%
8号线 木樨园
31%
8号线 永泰庄
31%
8号线 西小口
31%
8号线 育新
31%
8号线 育知路
31%
9号线 科怡路
31%
10号线 石榴庄
31%
14号线 景泰
31%
16号线 甘家口
31%
16号线 稻香湖路
31%
17号线 次渠北
31%
17号线 北神树
31%
昌平线 学知园
31%
6号线 郝家府
30%
8号线 平西府
30%
15号线 石门
30%
15号线 花梨坎
30%
15号线 孙河
30%
15号线 安立路
30%
17号线 清河营
30%
3号线 石佛营
29%
6号线 廖公庄
29%
7号线 高楼金
29%
7号线 垡头
29%
8号线 德茂
29%
8号线 东高地
29%
14号线 枣营
29%
14号线 菜户营
29%
16号线 屯佃
29%
16号线 温阳路
29%
大兴线 清源路
28%
7号线 万盛东
28%
7号线 大郊亭
28%
14号线 东湖渠
28%
14号线 西铁营
28%
15号线 崔各庄
28%
16号线 榆树庄
28%
房山线 良乡南关
28%
房山线 稻田
28%
房山线 大葆台
28%
6号线 黄渠
27%
7号线 万盛西
27%
8号线 海户屯
27%
14号线 平乐园
27%
15号线 马泉营
27%
16号线 看丹
27%
亦庄线 荣京东街
27%
房山线 苏庄
27%
房山线 长阳
27%
大兴线 义和庄
26%
7号线 南楼梓庄
26%
8号线 和义
26%
14号线 阜通
26%
14号线 郭庄子
26%
16号线 红莲南路
26%
17号线 周家庄
26%
亦庄线 旧宫
26%
燕房线 紫草坞
26%
S1线 四道桥
26%
S1线 小园
26%
12号线 将台西
25%
7号线 双合
24%
8号线 五福堂
24%
14号线 大瓦窑
24%
房山线 篱笆房
24%
燕房线 星城
24%
7号线 黄厂
23%
12号线 驼房营
23%
14号线 大井
23%
亦庄线 亦庄文化园
23%
7号线 群芳
22%
房山线 广阳城
22%
房山线 白盆窑
22%
7号线 郎辛庄
21%
16号线 洪泰庄
21%
亦庄线 亦庄桥
21%
房山线 花乡东桥
21%
燕房线 饶乐府
21%
S1线 桥户营
21%
S1线 栗园庄
21%
亦庄T1线 老观里
21%
16号线 富丰桥
20%
亦庄线 经海路
20%
亦庄线 肖村
20%
燕房线 大石河东
20%
亦庄T1线 屈庄
20%
亦庄T1线 定海园
19%
燕房线 马各庄
18%
亦庄线 同济南路
17%
亦庄T1线 亦创会展中心
17%
亦庄线 万源街
14%
亦庄T1线 经海一路
14%
亦庄T1线 定海园西
14%
亦庄T1线 九号村
11%
亦庄T1线 鹿圈东
11%
亦庄T1线 亦庄同仁
11%
亦庄T1线 四海庄
10%
亦庄T1线 太和桥北
9%
亦庄T1线 泰河路
9%
亦庄T1线 融兴街
8%
亦庄T1线 瑞合庄
8%
No matching quizzes found
Score Distribution
Percent of People with Each Score
Percentile by Number Answered
Your Score History
You have not taken this quiz since the last reset